Laboratorio de micropropagación

Guardat en:
Dades bibliogràfiques
Autor corporatiu: CORFO (Autor)
Format: Llibre
Idioma:espanyol
Publicat: Santiago CORFO 1990
Matèries:
Etiquetes: Afegir etiqueta
Sense etiquetes, Sigues el primer a etiquetar aquest registre!

MARC

LEADER 00000nam a2200000 a 4500
001 UCQ3976
003 CL-VaPUC
008 980829e19900000CL |||||||||||||||||spa|d
082 0 4 |a 631.53  |b COR  |2 21 
110 2 |a CORFO  |e author  |9 418165 
245 1 0 |a Laboratorio de micropropagación 
300 |a 99 p 
942 |c BK 
945 |d 19980829 00:00:00  |a aarredon 
260 |a Santiago  |b CORFO  |c 1990 
650 0 |a Propagación de plantas  |9 339631 
650 0 |a Injerto  |9 339632 
650 0 |a Cultivo  |9 264268 
650 7 |a INVERNADERO  |2 CL-VaPUC  |9 401568 
650 0 |a Siembra  |9 360167 
650 7 |a DESINFECCION  |2 CL-VaPUC  |9 365779 
583 |a last modification  |c 19980829 00:00:00  |k Rodrigo Vera 
999 |c 274483  |d 274481